000 01821nam a2200397 4500
003 EC-UNACH
005 20250516163314.0
006 s||||gr|||| 00| 00
008 150116t9999 mx r gr 000 0 spa d
020 _aNo se registra en el libro
040 _aEC-UNACH
_cEC-UNACH
041 _aspa
082 0 4 _223
_a300
_bL017710
110 _aCentro Andino de Acción Popular (CAAP)
245 _aEcuador Debate N° 14. Riego en los Andes ecuatorianos.
250 _aPrimera Edición
264 _aQuito, Ecuador.
_bCAAP
_c1987
300 _a189 páginas
_bTablas, figuras, mapas.
505 _aEditorial. -- Coyuntura. Crisis en la recostrucción. Una crisis de hegemonía. -- Estudios. Riego precolonial en la Sierra Norte. - Riego colonial: de la coca a la caña en el Valle del Chota.- La acequia del pueblo pimampiro. Riego tradicional en el norte del Ecuador. - Políticas de riego en el Ecuador.- Legislación de aguas y campesinado. -- Análisis y Experiencias. Una experiencia en riego. Chingazo - Pungales.- El acceso al riego en Tabacundo.- Riego en Tungurahua.- Un modelo esquemático de capacitación: problemática de riego.- Guanguilqui: el agua para los runas.-- Debate bibliográfico. El banano en el Ecuador.- Los indígenas y el estado en el Ecuador.- Respuesta al señor Castelnuovo.-
650 _aCANALES
650 _aRIEGO
650 _aCONFLICTO
650 _aAGUA
650 _aINDÍGENAS
700 _aKnapp, Gregory
_cAutor
700 _aCoronel Feijóo, Rosario
_cAutor
700 _aMothes, Patricia
_cAutor
700 _aOtros autores
942 _2ddc
_c1
999 _c13484